| 000 | 00450cam a2200181ua 4500 | ||
|---|---|---|---|
| 020 | _c130.00 | ||
| 041 |
_aeng _h |
||
| 082 |
_a519.062 _bJOS/EN |
||
| 100 | _aJoseph, Joymon . | ||
| 245 |
_aEngineering mathematics paper 1 / _cJoymon Joseph. _hTextual Documents |
||
| 250 |
_a3 / _b. |
||
| 260 |
_aCalicut : _bUniversity of Calicut , _c2007. |
||
| 300 | _a ; . | ||
| 365 | _a130.00 | ||
| 504 | _a | ||
| 942 | _cBK | ||
| 999 |
_c13465 _d13465 |
||